| 000 | 00654nam a22001937a 4500 | ||
|---|---|---|---|
| 008 | 161004b xxu||||| |||| 00| 0 eng d | ||
| 020 | _a9780073050898 | ||
| 020 | _a007305089X | ||
| 050 | _aGE 105 .C865 2008 | ||
| 100 | _aCunningham, William P. | ||
| 245 |
_aPrinciples of Environmental Science: _binquiry & applications/ _cWilliam P. Cunningham and Mary Ann Cunningham |
||
| 250 | _a4th ed. | ||
| 260 |
_aBoston: _bMcGraw Hill, _c2008 |
||
| 300 |
_axxii, 410p. : _bill. ; |
||
| 500 | _aIncludes index. | ||
| 650 |
_aEnvironmental sciences _xTextbooks |
||
| 700 | _aCunningham, Mary Ann | ||
| 942 |
_2lcc _cBOOKS _hGE 105 .C865 2008 _02 |
||
| 999 |
_c14566 _d14566 |
||